000 00734nam a2200253Ia 4500
003 OSt
005 20220928114837.0
006 a|||||r|||| 00| 0
007 ta
008 220927b |||||||| |||| 00| 0 eng d
020 _cINR 1250.00
024 _a144462
037 _b28, 10/03/2021, Shivam Book Service
_cTextual
040 _aSDCL
_cSDCL
_beng
041 _2eng
_aeng
082 _aY592.2'P, R0
100 _aChalam K. S.
_9441144
245 0 _aPolitical Economy of caste in India
260 _aNew Delhi
_bSage
_c2020
300 _ax,274p.
_ccm.
650 _aPolitical Science
942 _hY592.2'P, R0
_cTEXL
_2CC
999 _c756609
_d756609